| 000 | 00772na a2200217 4500 | ||
|---|---|---|---|
| 001 | 21730 | ||
| 003 | MIRAKIL | ||
| 005 | 20181213155112.0 | ||
| 008 | 170207b tu 000 0 | ||
| 040 |
_aMilas _btur _cTR-AnCHP |
||
| 041 | _atur | ||
| 082 |
_a353.0312 _bS39c 2006 |
||
| 090 | _a353.0312 S39c 2006 | ||
| 100 |
_aSezer, Ahmet Necdet _d1941- |
||
| 245 |
_aCumhurbaşkanımız sayın Ahmet Necdet Sezer'in Harp Akademileri Konferansı'nda yaptığı tarihi konuşma _b12 Nisan 2006-İstanbul _cAhmet Necdet Sezer |
||
| 260 |
_aİzmir _bDemokratik Sol Parti İzmir İl Başkanlığı _c2006 |
||
| 300 |
_a48 s. _c14 sm. |
||
| 600 |
_aSezer, Ahmet Necdet _d1941- _xSöylev ve demeçler |
||
| 650 |
_aCumhurbaşkanları _xAçılış konuşmaları |
||
| 942 |
_2dcc _cBKS |
||
| 999 |
_c6590 _d6590 |
||